000 01476nam a2200241Ia 4500
999 _c55960
_d55960
001 23059
003 GE_BSU
005 20230615111256.0
008 181216s1976ge xx |||||||||||||| ||geo||
040 _cGE_BSU
041 _ageo
080 _a821.124-13 ვ-35
100 _aვერგილიუს მარო, პუბლიუს, ძვ. წ. 70-ახ. წ. 19.
_918730
245 _aენეიდა :
_b [საგმირო-პოემა] /
_c მარო, პუბლიუს ვერგილიუს, ლათინურიდან თარგმნა, წინასიტყვაობა და საძიებელი დაურთო რომან მიმინოშვილმა ; რედაქტორი ა. ურუშაძე.
264 _aთბილისი :
_bსაბჭ. საქართველო,
_c1976.
300 _a344 გვ.;
_b 11 ფ. ილ.
_c 22 სმ.
501 _aკომენტარები: გვ. 294-305.ეთნიკურ, საკუთარ და გეოგრაფიულ სახელთა საძიებელი: გვ. 306-342.
653 _aენეიდა : [საგმირო-პოემა]
653 _aპოემა
700 _a მიმინოშვილი, რომან
_eმთარგმნელი
_918731
700 _aურუშაძე, ა
_eრედაქტორი
_93915
942 _cBK
_2udc